Myth and ritual in Christianity

Αποθηκεύτηκε σε:
Λεπτομέρειες βιβλιογραφικής εγγραφής
Κύριος συγγραφέας: Watts, Alan, 1915-1973
Μορφή: Βιβλίο
Γλώσσα:English
Δημοσίευση: London : Thames and Hudson, 1953
Θέματα:
Ετικέτες: Προσθήκη ετικέτας
Δεν υπάρχουν, Καταχωρήστε ετικέτα πρώτοι!

MARC

LEADER 00000cam a2200000 i 4500
001 1/2316
008 000427s1953 eng d
035 |l 10060367 
040 |a GR-MY-UA  |b gre  |e aacr 
041 0 |a eng 
082 0 |a 230 
100 1 |a Watts, Alan,   |d 1915-1973. 
245 1 0 |a Myth and ritual in Christianity /  |c by Alan Watts 
260 |a London :   |b Thames and Hudson,   |c 1953 
300 |a ix, 262 p.;  |b ill.;  |c 23 cm. 
650 0 0 |a Mythology. 
650 0 0 |a Christian art and symbolism. 
852 |a INST  |b LESVOS  |e 20000427  |h 230 WAT  |p 005100021076  |q 005100021076  |t BK  |y 0 
901 |a BIBL1-2000-2 
909 |a Λ  |b 034406 
970 |z 2000/04/ΜΙΧΑΗΛΙΔΟΥ ΑΝΝΑ